| 000 | 00587nam a2200217Ia 4500 | ||
|---|---|---|---|
| 003 | OSt | ||
| 005 | 20250813192441.0 | ||
| 008 | 210423s2018 xx 000 0 und d | ||
| 020 | _a978-93-5304-154-0 | ||
| 040 | _cAL | ||
| 041 | _aEnglish | ||
| 082 |
_a320.954 _bSARN |
||
| 100 |
_aRajdeep Sardesai _987756 |
||
| 245 |
_aNewsman _b: tracking India in the Modi era |
||
| 260 |
_aNew Delhi _bRupa Publications _c2018 |
||
| 300 |
_axxi,234 _bHB |
||
| 365 |
_b500 _cINR |
||
| 650 |
_aPolitical Science _987757 |
||
| 906 | _aera ; India ; Modi ; Newsman: ; tracking | ||
| 942 |
_2ddc _cBK |
||
| 999 |
_c169889 _d169889 |
||